[Event "DSOL 01 Liga Gr-D 1st"]
[Site "Playchess.com INT"]
[Date "2020.07.31"]
[Round "6.3"]
[White "Noreisch, Reiner"]
[Black "Zart, Ruediger"]
[Result "0-1"]
[WhiteElo "1726"]
[BlackElo "2091"]
[PlyCount "84"]
[EventDate "2020.06.22"]
[EventType "team-tourn (rapid)"]
[EventCountry "GER"]
[SourceTitle "EXT 2021"]
[Source "ChessBase"]
[SourceDate "2020.10.23"]
[SourceVersion "1"]
[SourceVersionDate "2020.10.23"]
[SourceQuality "1"]
[WhiteTeam "Luebeck SV"]
[BlackTeam "Eppendorf Johanneum"]
[WhiteTeamCountry "GER"]
[BlackTeamCountry "GER"]

1. c4 c5 2. Nc3 Nc6 3. g3 g6 4. Bg2 Bg7 5. Nf3 e6 6. e4 Nge7 7. 0-0 0-0 8. a3 d6 9. Rb1 Qd7 10. b4 Rb8 11. b5 Nd4 12. Ne2 e5 13. d3 b6 14. Nfxd4 cxd4 15. f4 f5 16. Qb3 Kh8 17. a4 Bb7 18. Ba3 Rf6 19. Qb4 Ng8 20. Nc1 Re8 21. Qe1 Bh6 22. fxe5 dxe5 23. Bh3 Be3+ 24. Kh1 Qf7 25. Bg2 fxe4 26. Rxf6 Nxf6 27. Qf1 exd3 28. Nxd3 Bxg2+ 29. Kxg2 Qb7+ 30. Kh3 Ne4 31. g4 Qg7 32. Bb4 Ng5+ 33. Kg3 e4 34. Ne1 Qe5+ 35. Kg2 Kg7 36. Rd1 Ne6 37. Nc2 Bg5 38. Nxd4 Nxd4 39. Bc3 Rd8 40. Qf2 e3 41. Qb2 Qe4+ 42. Kg1 Qxg4+ 0-1

[Event "DSOL 01 Liga Gr-D 1st"]
[Site "Playchess.com INT"]
[Date "2020.07.17"]
[Round "4.3"]
[White "Noreisch, Reiner"]
[Black "Stoering, Marc"]
[Result "1/2-1/2"]
[WhiteElo "1726"]
[BlackElo "1917"]
[PlyCount "43"]
[EventDate "2020.06.22"]
[EventType "team-tourn (rapid)"]
[EventCountry "GER"]
[SourceTitle "EXT 2021"]
[Source "ChessBase"]
[SourceDate "2020.10.23"]
[SourceVersion "1"]
[SourceVersionDate "2020.10.23"]
[SourceQuality "1"]
[WhiteTeam "Luebeck SV"]
[BlackTeam "Hemer"]
[WhiteTeamCountry "GER"]
[BlackTeamCountry "GER"]

1. c4 e5 2. g3 c6 3. d3 d5 4. Nf3 dxc4 5. Nxe5 Qd5 6. Nf3 cxd3 7. exd3 Bb4+ 8. Nc3 Bf5 9. Bd2 Qd8 10. Qb3 Qb6 11. Ne5 Be6 12. Nc4 Bxc4 13. dxc4 Nf6 14. Be3 Qa5 15. Bg2 Nbd7 16. 0-0 0-0 17. a3 Bxc3 18. bxc3 Rfc8 19. Qb4 Qh5 20. f3 b6 21. g4 Qe5 22. Rfe1 1/2-1/2

[Event "DSOL 01 Liga Gr-D 1st"]
[Site "Playchess.com INT"]
[Date "2020.07.10"]
[Round "3.4"]
[White "Deutsch, Christoph"]
[Black "Noreisch, Reiner"]
[Result "1/2-1/2"]
[WhiteElo "1939"]
[BlackElo "1726"]
[PlyCount "66"]
[EventDate "2020.06.22"]
[EventType "team-tourn (rapid)"]
[EventCountry "GER"]
[SourceTitle "EXT 2021"]
[Source "ChessBase"]
[SourceDate "2020.10.23"]
[SourceVersion "1"]
[SourceVersionDate "2020.10.23"]
[SourceQuality "1"]
[WhiteTeam "Gruendau"]
[BlackTeam "Luebeck SV"]
[WhiteTeamCountry "GER"]
[BlackTeamCountry "GER"]

1. e4 d6 2. d4 Nf6 3. Bd3 e5 4. c3 c6 5. Nf3 Bg4 6. h3 Bh5 7. 0-0 Be7 8. Nbd2 0-0 9. Qb3 Qc7 10. dxe5 dxe5 11. g4 Bg6 12. Re1 h6 13. Nc4 Nbd7 14. Qc2 b5 15. Ne3 Nc5 16. Nf5 Rfd8 17. Bf1 Bf8 18. b3 Rd7 19. Bb2 Re8 20. c4 Bxf5 21. exf5 e4 22. Bxf6 gxf6 23. cxb5 Red8 24. bxc6 Qxc6 25. Nh4 Rd2 26. Qc3 Qd6 27. Ng2 Qb6 28. Re2 R8d3 29. Qc1 Rxe2 30. Bxe2 Rxh3 31. Nf4 Rh4 32. Qe3 Nd3 33. Qxb6 axb6 1/2-1/2